Los límites de la estabilización : infraestructura, déficit públicos y crecimiento en América Latina /
Bewaard in:
| Hoofdauteur: | |
|---|---|
| Andere auteurs: | |
| Formaat: | Boek |
| Taal: | Spaans |
| Gepubliceerd in: |
Washington, EUA : Bogotá, Colombia :
Banco Mundial ; Alfaomega,
2004, c2004
|
| Reeks: | (Latin American Development Forum)
(Foro sobre Desarrollo de América Latina) |
| Onderwerpen: | |
| Tags: |
MARC
| LEADER | 00000nam^a2200000^a^4500 | ||
|---|---|---|---|
| 001 | 000173958 | ||
| 005 | 20250521000000.0 | ||
| 009 | 20260310101512.194 | ||
| 020 | |a 958-682-518-3 | ||
| 037 | |a Acervo ITESO - Biblioteca | ||
| 041 | |a ESP | ||
| 082 | |a 330. 980033 |b EAS | ||
| 100 | |a Easterly, William |e (ed.) | ||
| 240 | 1 | 5 | |a [Los límites de la estabilización: infraestructura, déficit públicos y crecimiento en América Latina] |
| 245 | 1 | 4 | |a Los límites de la estabilización : |b infraestructura, déficit públicos y crecimiento en América Latina / |c Ed. de W. Easterly, L. Servén. |
| 264 | 4 | |a Washington, EUA : |b Banco Mundial ; |a Bogotá, Colombia : |b Alfaomega, |c 2004, c2004 | |
| 300 | |a XV, 220 p. | ||
| 336 | |a texto |b txt |2 rdacontenido | ||
| 337 | |a sin mediación |b n |2 rdamedio | ||
| 338 | |a volumen |b nc |2 rdasoporte | ||
| 440 | 1 | |a (Latin American Development Forum) | |
| 440 | 1 | |a (Foro sobre Desarrollo de América Latina) | |
| 500 | |a Traducción de: The Limits of Stabilization: Infrastructure, Public Deficits, and Growth in Latin America | ||
| 649 | |a XX | ||
| 650 | |a Desarrollo Económico-Social - |z Latinoamérica - |x Historia | ||
| 650 | |a Crisis Económica - |z Latinoamérica - |x Historia | ||
| 650 | |a Estabilidad Económica - |z Latinoamérica - |x Historia | ||
| 650 | |a Obras Públicas - |z Latinoamérica | ||
| 650 | |a Infraestructura - |z Latinoamérica | ||
| 650 | |a Industria de la Construcción - |z Latinoamérica | ||
| 650 | |a Déficit - |z Latinoamérica | ||
| 650 | |a Política Fiscal - |z Latinoamérica - |x Historia | ||
| 650 | |a Política Económica - |z Latinoamérica - |x Historia | ||
| 650 | |a Economía - |z Latinoamérica - |x Historia - |y 1980-1989 | ||
| 650 | |a Economía - |z Latinoamérica - |x Historia - |y 1990-1999 | ||
| 650 | |a Economía - |z Latinoamérica - |x Historia - |y Siglo XX | ||
| 650 | |a Latinoamérica - |x Condiciones Económicas | ||
| 700 | |a Servén, Luis |e (edición) | ||
| 910 | |a Fondo General | ||
| 920 | |a Impresos - Libros | ||
| 930 | |a Colección General | ||
| 905 | |a 101 | ||
| 901 | |a 0500111857 |b IT1 |c ACC |u 20250521 | ||
| 902 | |a https://opac.biblio.iteso.mx/vufind/Record/000173958 | ||